000 00442ntaaa2200181 4500
003 01
005 20251027202108.0
008 0714s1973 ag 01
040 _aAR-BaBN
_bspa
_cAR-BaBN
_eaacr
_dRIC
082 _a252.0100 F52
100 _aFischbach, Julius
245 _aTalks for children on christian ideals
250 _a1 ed.
260 _aNew York :
_bAbingdon,
_cc1959
300 _a126 p
650 _asermones-niƱos
942 _cBK
999 _c15793
_d15793